| Tag |
First Indicator |
Second Indicator |
Subfields |
| LEADER |
00000cam a2200000 a 4500 |
| 001 |
in00000078856 |
| 005 |
20151008055129.0 |
| 008 |
811119s1981 onc b 00100 eng |
| 010 |
|
|
|a 81191842
|
| 015 |
|
|
|a C***
|
| 020 |
|
|
|a 0887840809
|
| 035 |
|
|
|a (OCoLC)07998029
|
| 035 |
|
|
|9 AAJ2636AM
|
| 039 |
0 |
|
|a 2
|b 3
|c 3
|d 3
|e 3
|
| 040 |
|
|
|a DLC
|c DLC
|d TXA
|d UtOrBLW
|
| 049 |
|
|
|a TXAM
|c [1361735]
|
| 050 |
0 |
0 |
|a PR9199.3.A8
|b Z54
|
| 082 |
0 |
|
|a 813/.54
|2 19
|
| 245 |
0 |
4 |
|a The Art of Margaret Atwood :
|b essays in criticism /
|c edited by Arnold E. Davidson & Cathy N. Davidson.
|
| 264 |
|
1 |
|a Toronto :
|b Anansi,
|c [1981]
|
| 264 |
|
4 |
|c ©1981
|
| 300 |
|
|
|a 304 pages ;
|c 23 cm.
|
| 336 |
|
|
|a text
|b txt
|2 rdacontent
|
| 337 |
|
|
|a unmediated
|b n
|2 rdamedia
|
| 338 |
|
|
|a volume
|b nc
|2 rdacarrier
|
| 504 |
|
|
|a Includes bibliographical references and indexes.
|
| 600 |
1 |
0 |
|a Atwood, Margaret,
|d 1939-
|x Criticism and interpretation.
|
| 700 |
1 |
|
|a Davidson, Arnold E.,
|d 1936-
|
| 700 |
1 |
|
|a Davidson, Cathy N.,
|d 1949-
|
| 999 |
|
|
|a MARS
|
| 999 |
f |
f |
|s ba1f87b1-43bc-3bdc-b7d4-a4036c273267
|i 89e3f0e4-7ef5-33bf-9069-63092c60a42c
|t 0
|
| 952 |
f |
f |
|p normal
|a Texas A&M University
|b College Station
|c Sterling C. Evans Library
|d Evans: Library Stacks
|t 0
|e PR9199.3.A8 Z54
|h Library of Congress classification
|i unmediated -- volume
|m A14806188031
|
| 998 |
f |
f |
|a PR9199.3.A8 Z54
|t 0
|l Evans: Library Stacks
|